000
00266nam a22001097a 4500
008
170120b xxu||||| |||| 00| 0 eng d
020
_a
9781449641511
041
_a
eng
080
_2
7TH
_a
618.2
245
_a
EMERGENCY CARE IN THE STREETS
_c
POLLAK, A.N
942
_2
udc
_c
BK
999
_c
3221
_d
3221